00704 2200253 4500001002100000005001700021020002200038035002400060040001200084082001400096084001800110090001800128100003000146245008700176250001100263260002700274300003400301500002600335650001800361700002100379700001800400850001200418990002000430YOGYA00000000009872220140922082413.0 a978-979-29-4068-8 0010-021400000000234 aYOPDYOG 2[22]a547 aDEP 547 Yun K aDEP 547 Yun K aYUNAZAR MANJANG, H, 1954- aKimia Organik fisikcH. Yunazar Manjang, H. Adlis Santoni ; editor, Erang Risanto. aCet. 1 aYogyakartabAndic2013 aviii, 237 hlm.bilus.c21 cm. aBibliografi : hlm 237 aKimia Organik aAdlis Santoni, H aErang Risanto aYOPDYOG aCB-D.112013-629